000
00293nam a2200109Ia 4500
005
20251222114402.0
008
251222s1900||||xx |||||||||||||| ||spa||
082
_a
DVD0070/G63/2015
245
0
_a
Little boy: believe the impossible
264
_b
Metanoia Films : | Santa Fé Films,
942
_c
DVD
999
_c
1669
_d
1669